Wszyscy Polscy olimpijczycy z Paryża 2024 - Statystyki

Ogólne statystyki
  • Ten quiz został rozwiązany 59 razy
  • Średni wynik to 75 z 228
Statystyki odpowiedzi
Dyscyplina Sportowiec % Poprawnych
Rzut młotem K Anita Włodarczyk
88%
Siatkówka M Bartosz Kurek
88%
400m/Sztafeta 4x400m K Natalia Kaczmarek
88%
Siatkówka M Łukasz Kaczmarek
85%
Rzut młotem M Paweł Fajdek
85%
100m/sztafeta 4x100m K Ewa Swoboda
80%
400m/Sztafeta 4x400m K Justyna Święty-Ersetic
80%
Siatkówka M Tomasz Fornal
80%
Siatkówka M Wilfredo Leon
80%
Siatkówka M Jakub Kochanowski
75%
Siatkówka M Paweł Zatorski
75%
Rzut młotem M Wojciech Nowicki
75%
Boks 57kg K Julia Szeremeta
73%
Siatkówka M Mateusz Bieniek
73%
Wspinaczka K Aleksandra Mirosław
70%
Tenis singiel K Iga Świątek
70%
Siatkówka M Marcin Janusz
70%
Siatkówka M Norbert Huber
70%
Skok o tyczce M Piotr Lisek
70%
Siatkówka M Grzegorz Łomacz
68%
Siatkówka K Magdalena Stysiak
68%
Siatkówka M Aleksander Śliwka
65%
Siatkówka M Kamil Semeniuk
65%
Siatkówka K Malwina Smarzek
65%
Siatkówka K Joanna Wołosz
63%
Siatkówka M Bartłomiej Bołądź
60%
Pchnięcie kulą M Konrad Bukowiecki
58%
Rzut oszczepem K Maria Andrejczyk
58%
Sztafeta 4x400m M Karol Zalewski
55%
Siatkówka K Klaudia Alagierska
55%
Tenis singiel/debel K Magda Linette
55%
Siatkówka K Maria Stenzel
55%
100m przez płotki K Pia Skrzyszowska
55%
Kolarstwo torowe sprint/keirin K Urszula Łoś
55%
Wspinaczka K Aleksandra Kałucka
53%
Siatkówka K Aleksandra Szczygłowska
50%
Kajakarstwo slalomowe K1/C1/cross K Klaudia Zwolińska
50%
Kajakarstwo górskie M Krzysztof Łukasik
50%
Rzut młotem K Malwina Kopron
50%
Siatkówka K Martyna Łukasik
50%
Siatkówka K Olivia Różański
50%
Koszykówka 3x3 M Przemysław Zamojski
50%
Siedmiobój K Adrianna Sułek
48%
Siatkówka K Agnieszka Korneluk
48%
Sztafeta 4x400m K Anastazja Kuś
48%
Pływanie 50m stylem dowolnym K Katarzyna Wasick
48%
Siatkówka K Katarzyna Wenerska
48%
Siatkówka K Martyna Czyrniańska
48%
Siatkówka plażowa M Michał Bryl
48%
Siatkówka K Natalia Mędrzyk
48%
Siatkówka plażowa M Bartosz Łosiak
45%
Boks 75kg K Elżbieta Wójcik
45%
Pływanie 800m stylem dowolnym/200m stylem motylkowym M Krzysztof Chmielewski
45%
Tenis singiel K Magdalena Fręch
45%
Kajakarstwo slalomowe K1 M Mateusz Polaczyk
45%
Pływanie 200m stylem motylkowym M Michał Chmielewski
45%
Kolarstwo szosowe start wspólny/jazda indywidualna na czas M Michał Kwiatkowski
45%
Koszykówka 3x3 M Michał Sokołowski
45%
Golf M Adrian Meronk
43%
100m przez płotki M Jakub Szymański
43%
Kolarstwo szosowe start wspólny K Katarzyna Niewiadoma
43%
Pchnięcie kulą M Michał Haratyk
43%
Szermierka szpada druż. K Aleksandra Jarecka
40%
100m przez płotki M Damian Czykier
40%
Sztafeta w chodzie M Dawid Tomala
40%
Kajakarstwo slalomowe C1/cross M Grzegorz Hedwig
40%
Sztafeta 4x400m M Kajetan Duszyński
40%
Kajakarstwo K2/K4 500 K Karolina Naja
40%
Chód na 20km K Katarzyna Zdziebło
40%
Koszykówka 3x3 M Adrian Bogucki
38%
Tenis debel K Alicja Rosolska
38%
Kajakarstwo K2/K4 500 K Anna Puławska
38%
Pływanie 100m/200m stylem grzbietowym M Ksawery Masiuk
38%
Siatkówka K Magdalena Jurczyk
38%
Sztafeta 4x400m M Maksymilian Szwed
38%
Kolarstwo torowe sprint/keirin M Mateusz Rudyk
38%
Skok o tyczce M Robert Sobera
38%
Podnoszenie ciężarów 81kg K Weronika Zielińska
38%
Tenis stołowy K Zuzanna Wielgos
38%
Koszykówka 3x3 M Filip Matczak
35%
Kolarstwo szosowe start wspólny/jazda indywidualna na czas K Marta Lach
35%
Kajakarstwo C2 500 K Dorota Borowska
33%
Pchnięcie kulą K Klaudia Kardasz
33%
200m/sztafeta 4x100m K Kristina Cimanouska
33%
100m/sztafeta 4x100m K Magdalena Stefanowicz
33%
Tenis stołowy K Natalia Bajor
33%
Skok wzwyż M Norbert Kobielski
33%
Zapasy styl wolny do 125kg M Robert Baran
33%
Kajakarstwo K4 500 K Adrianna Kąkol
30%
Szermierka szpada ind./druż. K Alicja Klasik
30%
3000m z przeszkodami K Alicja Konieczek
30%
3000m z przeszkodami K Aneta Konieczek
30%
Judo 63kg K Angelika Szymańska
30%
Kolarstwo torowe Madison/Omnium K Daria Pikulik
30%
Rzut dyskiem K Daria Zabawska
30%
Kajakarstwo K4 500 K Dominika Putto
30%
1500m M Filip Rak
30%
Strzelectwo pistolet pneumatyczny/sportowy 10m/25m K Klaudia Breś
30%
100m przez płotki M Krzysztof Kiljan
30%
400m/Sztafeta 4x400m K Marika Popowicz-Drapała
30%
200m/sztafeta 4x100m K Martyna Kotwiła
30%
Szermierka szpada ind./druż. K Martyna Swatowska-Wenglarczyk
30%
800m M Mateusz Borkowski
30%
100m M Oliwer Wdowik
30%
Żeglarstwo klasa iQFoil M Paweł Tarnowski
30%
Szermierka szpada ind./druż. K Renata Knapik-Miazga
30%
Kolarstwo torowe Madison K Wiktoria Pikulik
30%
Boks 66kg K Aneta Rygielska
28%
800m K Anna Wielgosz
28%
Zapasy styl klasyczny do 87kg M Arkadiusz Kułynycz
28%
Rzut oszczepem M Cyprian Mrzygłód
28%
Boks 71kg M Damian Durkacz
28%
1500m K Klaudia Kazimierska
28%
Pływanie 10km M Piotr Woźniak
28%
Strzelectwo karabin pneumatyczny 10m M/mikst Tomasz Bartnik
28%
1500m K Weronika Lizakowska
28%
Kajakarstwo C1 1000 M Wiktor Głazunow
28%
Maraton K Aleksandra Lisowska
25%
Rzut oszczepem M Dawid Wegner
25%
Wioślarstwo M Dominik Czaja
25%
Sztafeta 4x400m K Iga Baumgart-Witan
25%
Pływanie 100m stylem dowolnym/motylkowym M Jakub Majerski
25%
Pływanie 100m/200m stylem klasycznym M Jan Kałusowski
25%
3000m z przeszkodami K Kinga Królik
25%
1500m M Maciej Wyderka
25%
Chód na 20km/sztafeta M Maher Ben Hlima
25%
Rzut oszczepem M Marcin Krukowski
25%
Skok wzwyż K Maria Żodzik
25%
Szermierka floret ind./druż. M Michał Siess
25%
Wioślarstwo M Mirosław Ziętarski
25%
Triathlon K Roksana Słupek
25%
Jeździectwo WKKW K Wiktoria Knap
25%
Łucznictwo K Wioletta Myszor
25%
Kolarstwo szosowe start wspólny/jazda indywidualna na czas K Agnieszka Skalniak
23%
200m M Albert Komański
23%
Zapasy styl wolny do 57kg K Anhelina Łysak
23%
Chód na 20km M Artur Brzozowski
23%
Wioślarstwo M Fabian Barański
23%
Kajakarstwo K2 500 K Helena Wiśniewska
23%
Żeglarstwo formula Kite K Julia Damasiewicz
23%
Pływanie 50m/100m stylem dowolnym K Kornelia Fiedkiewicz
23%
Pięciobój M Łukasz Gutkowski
23%
Wioślarstwo M Mateusz Biskup
23%
Tenis stołowy M Miłosz Redzimski
23%
Skok w dal K Nikola Horowska
23%
Zapasy styl wolny do 97kg M Zbigniew Baranowski
23%
Pływanie 100m/200m stylem grzbietowym K Adela Piskorska
20%
Szermierka floret ind./druż. M Adrian Wojtkowiak
20%
Maraton K Angelika Mach
20%
Pięciobój K Anna Maliszewska
20%
Tenis stołowy K Anna Węgrzyn
20%
Judo 78kg K Beata Pacut-Kłoczko
20%
Kajakarstwo C1 200 K Katarzyna Szperkiewicz
20%
Tenis stołowy K Katarzyna Węgrzyn
20%
Kolarstwo torowe sprint/keirin K Marlena Karwacka
20%
Boks 92kg M Mateusz Bereźnicki
20%
Strzelectwo karabin 3 postawy 50m K Natalia Kochańska
20%
Sztafeta w chodzie K Olga Chojecka
20%
Judo 100kg M Piotr Kuczera
20%
Skoki do wody wieża 10m M Robert Łukaszewicz
20%
Zapasy styl wolny do 68kg K Wiktoria Chołuj
20%
Judo 73kg M Adam Stodolski
18%
Kolarstwo torowe Omnium M Alan Banaszek
18%
Strzelectwo karabin 3 postawy 50m K Aleksandra Pietruk
18%
1500m K Aleksandra Płocińska
18%
Jeździectwo K Aleksandra Szulc
18%
Strzelectwo karabin pneumatyczny 10m K/mikst Aneta Stankiewicz
18%
Sztafeta 4x400m M Daniel Sołtysiak
18%
Pływanie 100m stylem klasycznym K Dominika Sztandera
18%
Żeglarstwo klasa 49er M Dominik Buksak
18%
Szermierka floret ind./druż. M Jan Jurkiewicz
18%
Strzelectwo karabin pneumatyczny 10m K/mikst Julia Piotrowska
18%
Szermierka floret ind./druż. K Julia Walczyk-Klimaszyk
18%
Strzelectwo karabin pneumatyczny 10m M/mikst Maciej Kowalewicz
18%
Sztafeta 4x100m K Magdalena Niemczyk
18%
Żeglarstwo klasa iQFoil K Maja Dziarnowska
18%
Żeglarstwo formula Kite M Maksymilian Żakowski
18%
Jeździectwo WKKW K Małgorzata Korycka
18%
Szermierka floret ind./druż. K Martyna Jelińska
18%
Kajakarstwo K2 500 K Martyna Klatt
18%
Żeglarstwo klasa ILCA 7 M Michał Krasodomski
18%
Kajakarstwo górskie K Paula Gorycka
18%
Jeździectwo WKKW M Paweł Warszawski
18%
Jeździectwo K Sandra Sysojeva
18%
Żeglarstwo klasa 49er M Szymon Wierzbicki
18%
Jeździectwo przez przeszkody M Adam Grzegorzewski
15%
Żeglarstwo klasa ILCA 6 K Agata Barwińska
15%
Sztafeta w chodzie K Agnieszka Ellward
15%
Żeglarstwo klasa 49er FX K Aleksandra Melzacka
15%
Sztafeta 4x400m K Alicja Wrona-Kutrzepa
15%
Szermierka floret druż. M Andrzej Rządkowski
15%
Pływanie sztafeta M Bartosz Piszczorowicz
15%
Jeździectwo przez przeszkody M Dawid Kubiak
15%
Szermierka floret ind./druż. K Hanna Łyczbińska
15%
Sztafeta 4x400m M Igor Bogaczyński
15%
Kajakarstwo K2 500 M Jakub Stepun
15%
Pięciobój M Kamil Kasperczak
15%
Jeździectwo K Katarzyna Milczarek
15%
Wioślarstwo K Katarzyna Wełna
15%
Pływanie 200m stylem grzbietowym K Laura Bernat
15%
Jeździectwo przez przeszkody M Maksymilian Wechta
15%
Wioślarstwo K Martyna Radosz
15%
Sztafeta 4x100m K Monika Romaszko
15%
Pięciobój K Natalia Dominiak
15%
Kolarstwo torowe sprint/keirin K Nikola Sibiak
15%
Sztafeta 4x400m M Patryk Grzegorzewski
15%
Pływanie sztafeta K Paulina Peda
15%
Pływanie 50m stylem dowolnym M Piotr Ludwiczak
15%
Wioślarstwo M Piotr Płomiński
15%
Kajakarstwo K2 500 M Przemysław Korsak
15%
Żeglarstwo klasa 49er FX K Sandra Jankowiak
15%
Kajakarstwo C2 500 K Sylwia Szczerbińska
15%
Sztafeta 4x400m K Aleksandra Formella
13%
Pływanie sztafeta K Julia Maik
13%
Szermierka floret druż. K Martyna Synoradzka
13%
Jeździectwo WKKW M Robert Powala
13%
Jeździectwo K Żaneta Skowrońska-Kozubik
13%
Pływanie sztafeta M Adrian Jaśkiewicz
10%
Pływanie sztafeta M Kacper Stokowski
10%
Sztafeta 4x400m M Marcin Karolewski
10%
Pływanie sztafeta M Mateusz Chowaniec
10%
Sztafeta 4x400m M Mateusz Rzeźniczak
10%
Jeździectwo przez przeszkody M Michał Tyszko
10%
Pływanie sztafeta K Zuzanna Famulok
10%
Pływanie sztafeta M Dominik Dudys
8%
Pływanie sztafeta M Kamil Sieradzki
8%
Kolarstwo torowe K Patrycja Lorkowska
8%
Kolarstwo torowe K Paulina Petri
8%
Nie znaleziono quizów pasujących do podanych kryteriów
Rozkład punktacji
Procent ludzi z każdym wynikiem
Percentyl według liczby udzielonych odpowiedzi
Twoja historia wyników
Nie rozwiązałeś tego quizu